LEADER 01250nam a2200325 u 4500 001 000000048414 003 CaOOAMICUS 005 20070226115009.0 008 000503s1989 ne u000 u eng u 020 $a9004089314 035 $a10846706 040 $aIPA$bita 245 00$aJosephus, the Bible, and history /$cedited by Louis H. Feldman and Gohei Hata. 260 $aLeiden :$bBrill,$c1989. 300 $a473 p. ;$c24 cm 500 $aComprende riferimenti bibliografici e indice. 600 04$aIosephus, Flavius,$dsec. I.$0(OLS)http://pul/subject/8106 700 1 $aFeldman, Louis H.,$d1951-$0(OLS)http://pul/name/15986 700 1 $aHata, Gohei.$0(OLS)http://pul/name/12511 850 $aPUL 852 $aPUL$W1$xDP2 Religione 1$y63$m66 M 15$j64514$nBK-PRI$qStampati$B64514$CPULBib$Z2$F64514 $82 941 1 $a8 960 $aJosephus, Flavius,$dsec. I$98106 960 $aGiuseppe, Flavio,$csec. I$98106 960 $aFlavio Giuseppe,$dsec. I$98106 960 $aFlavius Josephus,$dsec. I$98106 961 $aINV: 75354 996 $6020$a9004089314$9(OLS)http://pul/number/60857 996 $6245$aJosephus, the Bible, and history$9(OLS)http://pul/title/65199 996 $6260$aLeiden :$bBrill$9(OLS)http://pul/publisher/47956 LEADER 00952nam a2200253 u 4500 001 000000024611 003 CaOOAMICUS 005 20070226111354.0 008 950616s1967 fr a u000 u fre u 035 $a10625143 040 $aPUL$bita 100 1 $aVaux, Roland de,$cO.P.,$d1903-1971.$0(OLS)http://pul/name/8320 245 10$aBible et Orient. 260 $aParis :$bLes Éditions du Cerf,$c1967. 300 $a542 p., 10 p. di tav. :$bill. ;$c22 cm 490 1 $aCogitatio fidei ;$v24 830 0$aCogitatio fidei ;$v24.$0(OLS)http://pul/title/876 850 $aPUL 852 $aPUL$W1$xSL Religione 1$y3$m1 C 69$j34461$nBK-PRI$b $qStampati$B34461$CPULBib$Z2$F34461 $H $81 900 $aDe Vaux, Roland,$cO.P.,$d1903-1971$98320 941 1 $a8 961 $aINV: 29453 996 $6245$aBible et Orient$9(OLS)http://pul/title/34014 996 $6260$aParis :$bLes Éditions du Cerf$9(OLS)http://pul/publisher/47861